000 00579nam a2200205Ia 4500
005 20250923145011.0
008 008 250917s9999 xx 000 0 eng d
037 _aTextual
040 _aDSWL
_beng
_cDSWL
041 _aeng
_2eng
084 _aY112:45III61, K6
_qDSWL
100 _aHart, Denis
_9830731
245 0 _aHendrick the axe collector
_cby Denis Hart
260 _aLondon
_bHeinemann
_c1964
300 _aviii,132 p.
365 _aINR
_b27.6
925 _g27.6
942 _cTEXL
_hY112:45III61, K6
999 _c1445900
_d1445900